<?xml version="1.0" encoding="UTF-8"?>
<record
    xmlns:xsi="http://www.w3.org/2001/XMLSchema-instance"
    xsi:schemaLocation="http://www.loc.gov/MARC21/slim http://www.loc.gov/standards/marcxml/schema/MARC21slim.xsd"
    xmlns="http://www.loc.gov/MARC21/slim">

  <leader>00766nam a22002417a 4500</leader>
  <controlfield tag="003">UA-OsUOA</controlfield>
  <controlfield tag="001"> 38923 </controlfield>
  <controlfield tag="007">ta</controlfield>
  <controlfield tag="008">20060601b un ||||| |||| 00| 0 ukr d</controlfield>
  <datafield tag="100" ind1=" " ind2=" ">
    <subfield code="a">&#x41A;&#x443;&#x43B;&#x438;&#x43A; &#x411;.&#x41C;.</subfield>
  </datafield>
  <datafield tag="700" ind1=" " ind2=" ">
    <subfield code="a">&#x41C;&#x430;&#x441;&#x44E;&#x43A;&#x435;&#x432;&#x438;&#x447; &#x41E;.&#x41C;.</subfield>
  </datafield>
  <datafield tag="090" ind1=" " ind2=" ">
    <subfield code="a">81'38</subfield>
    <subfield code="b">&#x41A;90</subfield>
  </datafield>
  <datafield tag="942" ind1=" " ind2=" ">
    <subfield code="c">BK</subfield>
  </datafield>
  <datafield tag="040" ind1=" " ind2=" ">
    <subfield code="a">UA-OsUOA</subfield>
    <subfield code="b">ukr</subfield>
    <subfield code="c">UA-OsUOA</subfield>
    <subfield code="d">UA-OsUOA</subfield>
  </datafield>
  <datafield tag="245" ind1=" " ind2=" ">
    <subfield code="a">&#x417;&#x431;&#x456;&#x440;&#x43D;&#x438;&#x43A; &#x432;&#x43F;&#x440;&#x430;&#x432; &#x437; &#x441;&#x442;&#x438;&#x43B;&#x456;&#x441;&#x442;&#x438;&#x43A;&#x438; &#x434;&#x43B;&#x44F; &#x441;&#x435;&#x440;&#x435;&#x434;&#x43D;&#x44C;&#x43E;&#x457;</subfield>
    <subfield code="b">&#x41F;&#x43E;&#x441;&#x456;&#x431;&#x43D;&#x438;&#x43A; &#x434;&#x43B;&#x44F; &#x443;&#x447;&#x438;&#x442;&#x435;&#x43B;&#x456;&#x432;</subfield>
  </datafield>
  <datafield tag="300" ind1=" " ind2=" ">
    <subfield code="a">303 &#x441;.</subfield>
  </datafield>
  <datafield tag="955" ind1=" " ind2=" ">
    <subfield code="a">2</subfield>
  </datafield>
  <datafield tag="041" ind1=" " ind2=" ">
    <subfield code="a">ukr</subfield>
  </datafield>
  <datafield tag="080" ind1=" " ind2=" ">
    <subfield code="a">81'38</subfield>
  </datafield>
  <datafield tag="260" ind1=" " ind2=" ">
    <subfield code="a">&#x41A;.</subfield>
    <subfield code="b">&#x420;&#x430;&#x434;&#x44F;&#x43D;&#x441;&#x44C;&#x43A;&#x430; &#x448;&#x43A;&#x43E;&#x43B;&#x430;</subfield>
    <subfield code="c">1958</subfield>
  </datafield>
  <datafield tag="650" ind1=" " ind2="7">
    <subfield code="a">8 &#x41C;&#x43E;&#x432;&#x43E;&#x437;&#x43D;&#x430;&#x432;&#x441;&#x442;&#x432;&#x43E;. &#x425;&#x443;&#x434;&#x43E;&#x436;&#x43D;&#x44F; &#x43B;&#x456;&#x442;&#x435;&#x440;&#x430;&#x442;&#x443;&#x440;&#x430;. &#x41B;&#x456;&#x442;&#x435;&#x440;&#x430;&#x442;&#x443;&#x440;&#x43E;&#x437;&#x43D;&#x430;&#x432;&#x441;&#x442;&#x432;&#x43E;</subfield>
    <subfield code="2">UDC</subfield>
  </datafield>
  <datafield tag="999" ind1=" " ind2=" ">
    <subfield code="c">325071</subfield>
    <subfield code="d">325071</subfield>
  </datafield>
  <datafield tag="952" ind1=" " ind2=" ">
    <subfield code="0">0</subfield>
    <subfield code="1">0</subfield>
    <subfield code="2">udc</subfield>
    <subfield code="4">0</subfield>
    <subfield code="7">0</subfield>
    <subfield code="8">C_KREKOTEN</subfield>
    <subfield code="a">102</subfield>
    <subfield code="b">102</subfield>
    <subfield code="d">2006-06-01</subfield>
    <subfield code="i">92221</subfield>
    <subfield code="l">0</subfield>
    <subfield code="o">81'38 &#x41A;90</subfield>
    <subfield code="p">92221</subfield>
    <subfield code="r">2022-02-07 00:00:00</subfield>
    <subfield code="w">2006-06-01</subfield>
    <subfield code="y">BK</subfield>
  </datafield>
</record>
